Optimalizácia manažérskeho rozhodovania vo vybranom podniku Mc Donald’s, význam zberu a vyhodnocovania dát v strategickom riadení bakalárska práca

Salvato in:
Dettagli Bibliografici
Autore principale: Novotný, Martin
Ente Autore: Obchodná fakulta EU. Katedra cestovného ruchu
Altri autori: Dula, Radúz, 1979-
Natura: Libro
Lingua:slovacco
Pubblicazione: Bratislava 2025
Tags: Aggiungi Tag
Nessun Tag, puoi essere il primo ad aggiungerne!!

MARC

LEADER 00000nbm a2200000 4500
001 0310989
005 20260320110926.7
041 0 |a slo 
044 |a SK 
245 1 0 |a Optimalizácia manažérskeho rozhodovania vo vybranom podniku Mc Donald’s, význam zberu a vyhodnocovania dát v strategickom riadení  |b bakalárska práca  |c Martin Novotný ; školiteľ: Radúz Dula 
264 1 |a Bratislava  |c 2025 
300 |a 54 s. 
100 1 |a Novotný, Martin 
700 1 |a Dula, Radúz, 1979- 
710 2 |a Obchodná fakulta EU. Katedra cestovného ruchu